| 000 | 00487nam a2200157 4500 | ||
|---|---|---|---|
| 001 | 111695 | ||
| 003 | ES-MaACL | ||
| 005 | 20230906185338.0 | ||
| 007 | t| | ||
| 008 | 061121s1973 sp r ||||1| spa d | ||
| 110 | 2 |
_aOrganización Sindical Española. _96077 |
|
| 245 | 1 | 0 |
_aAsí son los sindicatos españoles / _cOrganización Sindical Española. |
| 260 |
_aMadrid : _b[s.n.], _c1973 ( _fImp. Rivadeneyra) |
||
| 300 |
_a12 v. : _bil. ; _c26 cm. |
||
| 852 |
_aES-MaACL _jC-55413 _bR.86845 |
||
| 999 |
_c111695 _d111695 |
||